000 00737pam a2200229 a 4500
001 3015364
005 20180220073843.0
008 940622s1995 caua b 001 0 eng
010 _a 94028667
020 _a0534207901 (acidfree, recycled paper)
040 _aDLC
_cDLC
_dDLC
041 _aeng
080 _a658.45 MIL
082 0 0 _a658.45 MIL
_220
100 1 _a54
101 _aBNJ
245 1 0 _aOrganizational communication :
_cKatherine Miller.
504 _aIncludes bibliographical references (p. 309-334) and indexes.
906 _a7
_bcbc
_corignew
_d1
_eocip
_f19
_gy-gencatlg
942 _2ddc
_cBK
999 _c42923
_d42923